00592nam a2200193Ii 450000100060000000300090000600800410001502000150005604000330007104100080010408200150011210000180012724500950014526400650024030000120030533600260031733700280034333800270037111593CO-ViMGA241108s9999||||xx |||||||||||||| ||und|| a9589613713 aCO-ViMGAbspaerdacCO-ViMGA0 aunk04a381.1 S48e1 aBarry Siskind10aExposiciones y ferias:bCómo planear estratégicamente y con éxito su participación 1a[Lugar de publicación no identificado] : 3R editores, 1997 avolumen atextbtxt2rdacontent aunmediatedbn2rdamedia avolumebnc2rdacarrier